Imiona nadane dziewczynkom w 2008 roku - Statystyki

Ogólne statystyki
  • Ten quiz został rozwiązany 58 razy
  • Średni wynik to 73 z 100
Statystyki odpowiedzi
Hint Odpowiedź % Poprawnych
J Julia
100%
Z Zofia
100%
Z Zuzanna
100%
A Aleksandra
97%
A Anna
97%
V Victoria
97%
V Viktoria
97%
W Wiktoria
97%
M Maria
94%
O Olivia
94%
O Oliwia
94%
W Weronika
94%
A Alicja
90%
H Hanna
90%
M Maja
90%
M Maya
90%
N Natalia
90%
N Nicola
90%
N Nikola
90%
P Paulina
90%
B Barbara
87%
I Iga
87%
K Katarzyna
87%
K Kinga
87%
M Magdalena
87%
N Nadia
87%
D Daria
84%
J Joanna
84%
K Karolina
84%
L Laura
84%
L Lena
84%
M Monika
84%
P Patrycja
84%
A Agata
81%
A Agnieszka
81%
E Ewa
81%
H Helena
81%
I Izabela
81%
K Klaudia
81%
O Olga
81%
P Pola
81%
A Amelia
77%
D Dominika
77%
E Emilia
77%
J Justyna
77%
K Kornelia
77%
Ł Łucja
77%
M Marta
77%
M Martyna
77%
U Urszula
77%
G Gabriela
74%
J Jagoda
74%
M Milena
74%
R Róża
74%
S Sylwia
74%
D Dorota
71%
E Eliza
71%
K Kaja
71%
K Klara
71%
M Marcelina
71%
M Michalina
71%
N Nina
71%
A Aneta
68%
A Aniela
68%
A Antonina
68%
M Małgorzata
68%
S Sandra
68%
S Sara
68%
L Lidia
65%
M Malwina
65%
M Marianna
65%
B Blanka
61%
E Ewelina
61%
K Kamila
61%
R Rozalia
61%
V Vanessa
61%
W Wanessa
61%
A Adrianna
58%
A Anita
58%
B Bianka
58%
M Marlena
58%
A Anastazja
55%
A Aurelia
55%
L Liliana
55%
R Roksana
55%
J Judyta
52%
N Nicole
52%
S Sonia
52%
M Matylda
48%
T Tatiana
48%
D Dagmara
45%
L Liwia
45%
M Marika
45%
D Diana
42%
J Julita
42%
N Natasza
42%
J Jessica
39%
A Angelika
35%
K Kalina
32%
K Karina
32%
Nie znaleziono quizów pasujących do podanych kryteriów
Rozkład punktacji
Procent ludzi z każdym wynikiem
Percentyl według liczby udzielonych odpowiedzi
Twoja historia wyników
Nie rozwiązałeś tego quizu